Uniform appraisal standards for federal land acquisitions (Record no. 101913)

MARC details
000 -LEADER
fixed length control field 01356cam a2200313 4500
008 - FIXED-LENGTH DATA ELEMENTS--GENERAL INFORMATION
fixed length control field 020301n2001 000 0 eng u
020 ## - INTERNATIONAL STANDARD BOOK NUMBER
International Standard Book Number 092215466X
035 ## - SYSTEM CONTROL NUMBER
System control number (Sirsi) u116920
041 ## - LANGUAGE CODE
Language code of text/sound track or separate title eng.
050 ## - LIBRARY OF CONGRESS CALL NUMBER
Classification number 333.3320973
-- 18
100 ## - MAIN ENTRY--PERSONAL NAME
Personal name Eaton
Titles and words associated with a name J.
110 ## - MAIN ENTRY--CORPORATE NAME
Corporate name or jurisdiction name as entry element Interagency Land Acquisition Conference 2000
9 (RLIN) 4390
245 ## - TITLE STATEMENT
Title Uniform appraisal standards for federal land acquisitions
250 ## - EDITION STATEMENT
Edition statement 5th ed.
260 ## - PUBLICATION, DISTRIBUTION, ETC.
Place of publication, distribution, etc. Chicago
Name of publisher, distributor, etc. Appraisal Institute
Date of publication, distribution, etc. 2001
300 ## - PHYSICAL DESCRIPTION
Extent vii, 129p.
Dimensions 29cm.
350 ## - PRICE (NR) (BK AM CF MU VM SE) [OBSOLETE]
Price 28
520 ## - SUMMARY, ETC.
Summary, etc. A uniform standards guide to the appraisal process in United States federal land acquisitions. First published in 1971, this 5th edition of the 'yellow book' recognizes the considerable changes that have recently characterized the real estate appraisal profession in the US. Includes updated case law and expanded treatment of novel and difficult valuation questions. The Standards are also available on the US Department of Justice's website.
650 ## - SUBJECT ADDED ENTRY--TOPICAL TERM
Topical term or geographic name entry element UNITED STATES
650 ## - SUBJECT ADDED ENTRY--TOPICAL TERM
Topical term or geographic name entry element VALUATION STANDARDS
650 ## - SUBJECT ADDED ENTRY--TOPICAL TERM
Topical term or geographic name entry element APPRAISAL PRACTICE
650 ## - SUBJECT ADDED ENTRY--TOPICAL TERM
Topical term or geographic name entry element Valuation
9 (RLIN) 6273
650 ## - SUBJECT ADDED ENTRY--TOPICAL TERM
Topical term or geographic name entry element REAL ESTATE
690 ## - LOCAL SUBJECT ADDED ENTRY--TOPICAL TERM (OCLC, RLIN)
Topical term or geographic name as entry element PROPERTY-PROPERTY APPRAISAL AND VALUATION
710 ## - ADDED ENTRY--CORPORATE NAME
Corporate name or jurisdiction name as entry element Appraisal Institute
9 (RLIN) 2987
710 ## - ADDED ENTRY--CORPORATE NAME
Corporate name or jurisdiction name as entry element US Department of Justice
9 (RLIN) 4391
856 ## - ELECTRONIC LOCATION AND ACCESS
Uniform Resource Identifier <a href="https://www.usdoj.gov/enrd/land-ack/">https://www.usdoj.gov/enrd/land-ack/</a>
942 ## - ADDED ENTRY ELEMENTS (KOHA)
Suppress in OPAC 0
Holdings
Withdrawn status Lost status Source of classification or shelving scheme Damaged status Not for loan Home library Current library Shelving location Date acquired Cost, normal purchase price Total Checkouts Full call number Barcode Date last seen Copy number Cost, replacement price Price effective from Koha item type
    Dewey Decimal Classification     London London Folio 25/11/2002 23.80   F333.3320973 EAT 30068231 06/08/2019 1 23.80 06/08/2019 Book